000 01847cam a2200517 i 4500
001 10417
003 KOSZ 005
005 20250624114506.0
008 250624s1970 pl a f 000 0 pol
015 _aUWD 1970/4163
035 _a991034989069705066
035 _a(PL-WaBN)b19411947-48omnis_nlop
035 _ab19411947
035 _a(OCoLC)830841909
035 _a(PL)b0000001941194
035 _a(EXLNZ-48OMNIS_NETWORK)9910196445605606
040 _aWA N
_cWA N
_dKOSZ 005/RW
046 _k1970
080 _a620.17
080 _a539.3/.6
080 _a(07)
245 0 0 _aWytrzymałość materiałów :
_bpodręcznik dla wydziałów mechanicznych politechnik /
_cRajnold Kurowski, Michał Edward Niezgodziński.
250 _aWydanie 9 zmienione.
260 _aWarszawa :
_bPaństwowe Wydawnictwo Naukowe,
_c1970.
300 _a485, [2] stron :
_bilustracje, tabele ;
_c25 cm.
336 _aTekst
_btxt
_2rdacontent
337 _aBez urządzenia pośredniczącego
_bn
_2rdamedia
338 _aWolumin
_bnc
_2rdacarrier
380 _aKsiążki
380 _aPublikacje dydaktyczne
380 _aPublikacje naukowe
385 _mPoziom nauczania
_aSzkoły wyższe
388 1 _a1901-2000
388 1 _a1945-1989
504 _aBibliografia na stronie [486].
521 8 _aPodręcznik dla wydziałów mechanicznych politechnik.
650 7 _aWytrzymałość materiałów
_2DBN
655 7 _aPodręcznik
_2DBN
658 _aInżynieria i technika
700 1 _aKurowski, Rajnold
_d(1889-1953)
_eAutor
700 1 _aNiezgodziński, Michał Edward
_d(1919-2010)
_eAutor
710 2 _aPaństwowe Wydawnictwo Naukowe
_4pbl
856 _uhttps://koha.tu.koszalin.pl/cgi-bin/koha/opac-detail.pl?biblionumber=10417
_yKatalog online BPK
942 _2UKD
_cKS
999 _c10417
_d10417